From strength to strength (Record no. 525227)

000 -LEADER
fixed length control field 00485nam a22001697a 4500
020 ## - INTERNATIONAL STANDARD BOOK NUMBER
International Standard Book Number 9781472989758
082 ## - DEWEY DECIMAL CLASSIFICATION NUMBER
Classification number Q48 B791
100 ## - MAIN ENTRY--PERSONAL NAME
Personal name Brooks, Arthur C.
9 (RLIN) 43364
245 ## - TITLE STATEMENT
Title From strength to strength
Statement of responsibility, etc by Arthur C. Brooks
260 ## - PUBLICATION, DISTRIBUTION, ETC. (IMPRINT)
Place of publication, distribution, etc London
Name of publisher, distributor, etc Green Tree
Date of publication, distribution, etc 2022
300 ## - PHYSICAL DESCRIPTION
Extent 252p.
650 ## - SUBJECT ADDED ENTRY--TOPICAL TERM
Topical term or geographic name as entry element Aging
9 (RLIN) 43365
650 ## - SUBJECT ADDED ENTRY--TOPICAL TERM
Topical term or geographic name as entry element Aging - Psychological aspects
9 (RLIN) 43366
650 ## - SUBJECT ADDED ENTRY--TOPICAL TERM
Topical term or geographic name as entry element Business & economics
9 (RLIN) 43367
650 ## - SUBJECT ADDED ENTRY--TOPICAL TERM
Topical term or geographic name as entry element Family & relationships
9 (RLIN) 43368
650 ## - SUBJECT ADDED ENTRY--TOPICAL TERM
Topical term or geographic name as entry element Happiness
9 (RLIN) 43369
Holdings
Withdrawn status Lost status Source of classification or shelving scheme Damaged status Koha normalized classification for sorting Not for loan Permanent location Current location Shelving location Date acquired Full call number Barcode Date last seen Price effective from Koha item type
        Q_48_000000000000000_B791   Indian Institute of Public Administration Indian Institute of Public Administration On Display 2024-02-15 Q48 B791 89172 2024-02-15 2024-02-15 Book

Powered by Koha